[Event "Team Championship (women blitz)"]
[Site "Sochi"]
[Date "2017.10.05"]
[Round "1.9"]
[White "Bodnaruk, Anastasia"]
[Black "Vasilevich, Tatjana"]
[Result "1-0"]
[LiveChessVersion "1.4.8"]
[BlackElo "2229"]
[WhiteElo "2439"]

1. e4 {[%clk 0:03:03]} c5 {[%clk 0:03:04]} 2. Nc3 {[%clk 0:03:04]} e6
{[%clk 0:03:04]} 3. Nge2 {[%clk 0:03:05]} a6 {[%clk 0:03:03]} 4. g3
{[%clk 0:03:06]} d5 {[%clk 0:03:04]} 5. exd5 {[%clk 0:03:04]} exd5
{[%clk 0:03:05]} 6. d4 {[%clk 0:02:55]} Nf6 {[%clk 0:03:00]} 7. Bg2
{[%clk 0:02:56]} Bg4 {[%clk 0:02:58]} 8. h3 {[%clk 0:02:47]} Be6 {[%clk 0:02:56]}
9. O-O {[%clk 0:02:41]} Nc6 {[%clk 0:02:44]} 10. Bg5 {[%clk 0:02:35]} Be7
{[%clk 0:02:33]} 11. dxc5 {[%clk 0:02:07]} d4 {[%clk 0:02:30]} 12. Bxf6
{[%clk 0:02:00]} Bxf6 {[%clk 0:02:21]} 13. Ne4 {[%clk 0:02:02]} Be7
{[%clk 0:02:22]} 14. c3 {[%clk 0:01:47]} dxc3 {[%clk 0:01:59]} 15. N2xc3
{[%clk 0:01:44]} O-O {[%clk 0:01:50]} 16. Qxd8 {[%clk 0:01:18]} Rfxd8
{[%clk 0:01:41]} 17. Rfd1 {[%clk 0:01:19]} Nd4 {[%clk 0:01:12]} 18. g4
{[%clk 0:00:38]} Rac8 {[%clk 0:00:43]} 19. Rd2 {[%clk 0:00:33]} f5
{[%clk 0:00:19]} 20. gxf5 {[%clk 0:00:22]} Nxf5 {[%clk 0:00:16]} 21. Rad1
{[%clk 0:00:16]} Rxd2 {[%clk 0:00:13]} 22. Rxd2 {[%clk 0:00:17]} Bxc5
{[%clk 0:00:12]} 23. Nxc5 {[%clk 0:00:13]} Rxc5 {[%clk 0:00:11]} 24. Bxb7
{[%clk 0:00:09]} a5 25. a4 Ne7 {[%clk 0:00:08]} 26. Ne4 {[%clk 0:00:09]} Re5
{[%clk 0:00:05]} 27. Rd8+ {[%clk 0:00:06]} Kf7 {[%clk 0:00:06]} 28. Nd6+
{[%clk 0:00:07]} Kg6 {[%clk 0:00:04]} 29. Kg2 {[%clk 0:00:07]} Bd5+
{[%clk 0:00:03]} 30. Bxd5 {[%clk 0:00:07]} Rxd5 {[%clk 0:00:05]} 31. Nb7
{[%clk 0:00:06]} Re5 {[%clk 0:00:05]} 32. Rd2 {[%clk 0:00:06]} Nf5
{[%clk 0:00:06]} 33. Nd6 {[%clk 0:00:06]} Nh4+ {[%clk 0:00:06]} 34. Kg3
{[%clk 0:00:07]} Kh5 {[%clk 0:00:06]} 35. Rd4 {[%clk 0:00:05]} Rg5+
{[%clk 0:00:06]} 36. Kf4 {[%clk 0:00:06]} Ng2+ {[%clk 0:00:06]} 37. Kf3
{[%clk 0:00:07]} Nh4+ {[%clk 0:00:07]} 38. Ke2 {[%clk 0:00:08]} Ng6
{[%clk 0:00:07]} 39. Kd2 {[%clk 0:00:09]} Ne5 {[%clk 0:00:08]} 40. Kc2
{[%clk 0:00:09]} Rg2 {[%clk 0:00:08]} 41. Rf4 {[%clk 0:00:11]} Nc6
{[%clk 0:00:08]} 42. b3 {[%clk 0:00:11]} Nb4+ {[%clk 0:00:09]} 43. Kc3
{[%clk 0:00:12]} Rh2 {[%clk 0:00:09]} 44. Rf3 {[%clk 0:00:13]} g5
{[%clk 0:00:08]} 45. Kc4 {[%clk 0:00:14]} g4 {[%clk 0:00:08]} 46. hxg4+
{[%clk 0:00:15]} Kxg4 {[%clk 0:00:09]} 47. Rf7 {[%clk 0:00:16]} Rh6
{[%clk 0:00:07]} 48. Ne4 {[%clk 0:00:17]} Re6 {[%clk 0:00:06]} 49. f3+
{[%clk 0:00:17]} Kh3 {[%clk 0:00:06]} 50. Ng5+ {[%clk 0:00:18]} 1-0

[Event "Team Championship (women blitz)"]
[Site "Sochi"]
[Date "2017.10.05"]
[Round "1.10"]
[White "Charochkina, Daria"]
[Black "Ovod, Evgenija"]
[Result "1-0"]
[LiveChessVersion "1.4.8"]
[BlackElo "2191"]
[WhiteElo "2458"]

1. d4 {[%clk 0:03:03]} f5 {[%clk 0:03:03]} 2. Bg5 {[%clk 0:03:03]} d6
{[%clk 0:03:03]} 3. e3 {[%clk 0:02:58]} Nd7 {[%clk 0:02:52]} 4. Nc3
{[%clk 0:02:54]} Ngf6 {[%clk 0:02:49]} 5. Qd2 {[%clk 0:02:51]} g6
{[%clk 0:02:44]} 6. h4 {[%clk 0:02:51]} Bg7 {[%clk 0:02:44]} 7. O-O-O
{[%clk 0:02:48]} c6 {[%clk 0:02:44]} 8. Kb1 {[%clk 0:02:35]} e5 {[%clk 0:02:30]}
9. dxe5 {[%clk 0:02:32]} dxe5 {[%clk 0:02:30]} 10. h5 {[%clk 0:02:25]} h6
{[%clk 0:02:13]} 11. Bxf6 {[%clk 0:02:12]} Qxf6 {[%clk 0:02:14]} 12. hxg6 Nf8
{[%clk 0:01:50]} 13. g4 {[%clk 0:01:55]} Nxg6 {[%clk 0:01:28]} 14. gxf5
{[%clk 0:01:56]} Bxf5 15. Bh3 O-O {[%clk 0:01:12]} 16. Bxf5 {[%clk 0:01:51]} Qxf5
{[%clk 0:01:13]} 17. Nge2 {[%clk 0:01:52]} Qxf2 {[%clk 0:01:03]} 18. Rhg1
{[%clk 0:01:48]} Qf7 {[%clk 0:00:52]} 19. Ne4 {[%clk 0:01:44]} Kh7
{[%clk 0:00:47]} 20. N2g3 {[%clk 0:01:03]} Rad8 {[%clk 0:00:44]} 21. Nd6
{[%clk 0:00:56]} Qe6 {[%clk 0:00:41]} 22. Nge4 {[%clk 0:00:56]} Rd7
{[%clk 0:00:29]} 23. Qh2 {[%clk 0:00:55]} Kg8 {[%clk 0:00:15]} 24. Nc5
{[%clk 0:00:52]} Rxd6 {[%clk 0:00:15]} 25. Nxe6 {[%clk 0:00:52]} Rxe6
{[%clk 0:00:17]} 26. Rd7 {[%clk 0:00:37]} Rf7 {[%clk 0:00:17]} 27. Rxf7 Kxf7
{[%clk 0:00:18]} 28. Qh5 {[%clk 0:00:39]} Bf8 {[%clk 0:00:10]} 29. a3
{[%clk 0:00:38]} Be7 {[%clk 0:00:07]} 30. Qxh6 {[%clk 0:00:38]} Bf8
{[%clk 0:00:05]} 31. Qh7+ {[%clk 0:00:39]} Bg7 {[%clk 0:00:06]} 32. Rf1+
{[%clk 0:00:40]} Rf6 {[%clk 0:00:07]} 33. Rg1 {[%clk 0:00:37]} a5
{[%clk 0:00:06]} 34. Qh3 {[%clk 0:00:38]} Ke7 {[%clk 0:00:05]} 35. Rd1
{[%clk 0:00:38]} Re6 {[%clk 0:00:05]} 36. Qh7 {[%clk 0:00:34]} Kf6
{[%clk 0:00:04]} 37. Rf1+ {[%clk 0:00:34]} 1-0

[Event "Team Championship (women blitz)"]
[Site "Sochi"]
[Date "2017.10.05"]
[Round "1.11"]
[White "Belenkaya, Dina"]
[Black "Potapova, Margarita"]
[Result "0-1"]
[LiveChessVersion "1.4.8"]
[BlackElo "2031"]
[WhiteElo "2204"]

1. e4 {[%clk 0:03:03]} c5 {[%clk 0:03:04]} 2. Nf3 {[%clk 0:03:04]} d6
{[%clk 0:03:05]} 3. Bb5+ {[%clk 0:03:05]} Bd7 {[%clk 0:03:06]} 4. Bxd7+
{[%clk 0:03:05]} Qxd7 {[%clk 0:03:07]} 5. O-O {[%clk 0:03:05]} Nf6
{[%clk 0:03:06]} 6. Qe2 {[%clk 0:03:06]} Nc6 {[%clk 0:03:05]} 7. c3
{[%clk 0:03:07]} e6 {[%clk 0:03:06]} 8. d4 {[%clk 0:03:07]} cxd4 {[%clk 0:03:06]}
9. cxd4 {[%clk 0:03:08]} d5 {[%clk 0:03:06]} 10. e5 {[%clk 0:03:09]} Ne4
{[%clk 0:03:07]} 11. Be3 {[%clk 0:03:10]} Be7 {[%clk 0:03:01]} 12. Ne1
{[%clk 0:03:08]} f6 {[%clk 0:02:53]} 13. f3 {[%clk 0:03:09]} Ng5 {[%clk 0:02:53]}
14. Nd3 {[%clk 0:03:05]} O-O {[%clk 0:02:41]} 15. Nd2 {[%clk 0:03:06]} f5
{[%clk 0:02:33]} 16. f4 {[%clk 0:02:09]} Ne4 {[%clk 0:02:23]} 17. Rac1
{[%clk 0:02:00]} Rac8 {[%clk 0:02:20]} 18. Kh1 {[%clk 0:01:39]} b6
{[%clk 0:02:16]} 19. a3 {[%clk 0:01:27]} Na5 {[%clk 0:02:13]} 20. b4
{[%clk 0:01:24]} Nc4 {[%clk 0:02:03]} 21. Nxc4 {[%clk 0:01:24]} dxc4
{[%clk 0:02:00]} 22. Nb2 {[%clk 0:01:14]} b5 {[%clk 0:02:00]} 23. g4
{[%clk 0:01:06]} Qd5 {[%clk 0:01:51]} 24. Qg2 {[%clk 0:01:07]} fxg4
{[%clk 0:01:18]} 25. Rce1 {[%clk 0:00:47]} Nc3 {[%clk 0:01:05]} 26. Qxd5
{[%clk 0:00:45]} Nxd5 {[%clk 0:01:05]} 27. Bc1 {[%clk 0:00:37]} h5
{[%clk 0:01:00]} 28. Nd1 {[%clk 0:00:25]} a5 {[%clk 0:00:46]} 29. bxa5 Ra8 30.
Re2 {[%clk 0:00:07]} Rxa5 {[%clk 0:00:49]} 31. Rb2 {[%clk 0:00:08]} Bxa3
{[%clk 0:00:48]} 32. Ra2 {[%clk 0:00:05]} Rfa8 {[%clk 0:00:44]} 33. Bd2
{[%clk 0:00:06]} b4 {[%clk 0:00:44]} 34. Rf2 {[%clk 0:00:05]} Ra4
{[%clk 0:00:40]} 35. Nb2 {[%clk 0:00:05]} Bxb2 {[%clk 0:00:40]} 36. Rxb2
{[%clk 0:00:07]} c3 {[%clk 0:00:41]} 37. Rb1 {[%clk 0:00:05]} cxd2
{[%clk 0:00:41]} 38. Rxd2 {[%clk 0:00:07]} Nxf4 {[%clk 0:00:42]} 39. Rc2
{[%clk 0:00:07]} Nd5 {[%clk 0:00:40]} 40. Rc4 {[%clk 0:00:07]} Ra1
{[%clk 0:00:41]} 41. Rxa1 {[%clk 0:00:07]} Rxa1+ {[%clk 0:00:42]} 42. Kg2
{[%clk 0:00:07]} b3 {[%clk 0:00:44]} 43. Rc8+ {[%clk 0:00:08]} Kh7
{[%clk 0:00:44]} 44. Rb8 {[%clk 0:00:10]} Rb1 {[%clk 0:00:44]} 45. Kg3
{[%clk 0:00:10]} b2 {[%clk 0:00:45]} 46. Kh4 {[%clk 0:00:11]} Nc3
{[%clk 0:00:45]} 47. Kxh5 {[%clk 0:00:11]} Na4 {[%clk 0:00:42]} 48. Ra8
{[%clk 0:00:11]} Rh1 {[%clk 0:00:42]} 49. Rxa4 {[%clk 0:00:11]} b1=Q
{[%clk 0:00:42]} 50. Ra6 {[%clk 0:00:12]} Qf5+ {[%clk 0:00:38]} 51. Kh4
{[%clk 0:00:13]} Rxh2+ {[%clk 0:00:38]} 52. Kg3 {[%clk 0:00:13]} Qf2+
{[%clk 0:00:38]} 53. Kxg4 {[%clk 0:00:14]} Rg2+ {[%clk 0:00:36]} 0-1

[Event "Team Championship (women blitz)"]
[Site "Sochi"]
[Date "2017.10.05"]
[Round "1.12"]
[White "Gritsayeva, Oksana"]
[Black "Styazhkina, Anna"]
[Result "0-1"]
[LiveChessVersion "1.4.8"]
[BlackElo "2198"]
[WhiteElo "2216"]

1. e4 {[%clk 0:03:03]} e5 {[%clk 0:03:03]} 2. Nf3 {[%clk 0:03:05]} Nc6
{[%clk 0:03:03]} 3. Nc3 {[%clk 0:03:06]} Nf6 {[%clk 0:03:00]} 4. Bb5
{[%clk 0:03:07]} Bb4 {[%clk 0:02:46]} 5. O-O {[%clk 0:03:03]} d6 {[%clk 0:02:04]}
6. Nd5 {[%clk 0:02:39]} Bc5 {[%clk 0:01:09]} 7. d3 {[%clk 0:02:40]} a6
{[%clk 0:00:51]} 8. Ba4 {[%clk 0:02:41]} b5 {[%clk 0:00:48]} 9. Bb3
{[%clk 0:02:42]} h6 {[%clk 0:00:37]} 10. h3 {[%clk 0:02:40]} O-O {[%clk 0:00:30]}
11. c3 {[%clk 0:02:41]} Bb7 {[%clk 0:00:26]} 12. Be3 {[%clk 0:02:34]} Bxe3
{[%clk 0:00:13]} 13. fxe3 {[%clk 0:02:34]} Na5 {[%clk 0:00:12]} 14. Nxf6+
{[%clk 0:02:30]} Qxf6 {[%clk 0:00:13]} 15. Nd4 {[%clk 0:01:49]} Qg5
{[%clk 0:00:13]} 16. Nf5 {[%clk 0:01:50]} Nxb3 {[%clk 0:00:13]} 17. axb3
{[%clk 0:01:51]} Bc8 {[%clk 0:00:11]} 18. Qe2 {[%clk 0:01:49]} g6
{[%clk 0:00:10]} 19. h4 {[%clk 0:01:46]} Qd8 {[%clk 0:00:08]} 20. Nxh6+
{[%clk 0:01:44]} Kg7 {[%clk 0:00:08]} 21. Ng4 {[%clk 0:01:33]} Qxh4
{[%clk 0:00:09]} 22. Nh2 {[%clk 0:01:13]} Rh8 {[%clk 0:00:09]} 23. Nf3
{[%clk 0:01:13]} Qg3 {[%clk 0:00:09]} 24. Qf2 {[%clk 0:01:11]} Qxf2+
{[%clk 0:00:09]} 25. Kxf2 {[%clk 0:01:13]} Be6 {[%clk 0:00:09]} 26. b4
{[%clk 0:01:13]} f6 {[%clk 0:00:10]} 27. Ra5 {[%clk 0:01:10]} Ra7
{[%clk 0:00:09]} 28. Rfa1 {[%clk 0:01:10]} Rha8 {[%clk 0:00:10]} 29. d4
{[%clk 0:01:07]} Bc4 {[%clk 0:00:10]} 30. Nd2 {[%clk 0:01:07]} Bd3
{[%clk 0:00:11]} 31. Kf3 {[%clk 0:01:03]} Kf7 {[%clk 0:00:11]} 32. Nb3
{[%clk 0:00:57]} Ke6 {[%clk 0:00:12]} 33. Nc1 {[%clk 0:00:50]} Bc2
{[%clk 0:00:12]} 34. b3 {[%clk 0:00:48]} Bd1+ {[%clk 0:00:12]} 35. Kf2
{[%clk 0:00:47]} Bc2 {[%clk 0:00:13]} 36. R5a2 {[%clk 0:00:45]} Bxe4
{[%clk 0:00:14]} 37. Ne2 {[%clk 0:00:42]} Bd5 {[%clk 0:00:13]} 38. Ra3
{[%clk 0:00:41]} f5 {[%clk 0:00:12]} 39. Ng3 {[%clk 0:00:35]} g5 {[%clk 0:00:05]}
40. Nf1 {[%clk 0:00:36]} f4 {[%clk 0:00:05]} 41. Nd2 {[%clk 0:00:31]} g4
{[%clk 0:00:06]} 42. e4 {[%clk 0:00:31]} Bb7 {[%clk 0:00:06]} 43. d5+
{[%clk 0:00:31]} Kd7 {[%clk 0:00:05]} 44. Rh1 {[%clk 0:00:31]} g3+
{[%clk 0:00:05]} 45. Kf3 {[%clk 0:00:31]} Rg8 {[%clk 0:00:05]} 46. Rh7+
{[%clk 0:00:30]} Kc8 {[%clk 0:00:06]} 47. Ra1 {[%clk 0:00:30]} Kb8
{[%clk 0:00:05]} 48. Rah1 {[%clk 0:00:29]} Bc8 {[%clk 0:00:06]} 49. Ke2
{[%clk 0:00:26]} Bg4+ {[%clk 0:00:06]} 50. Nf3 {[%clk 0:00:27]} a5
{[%clk 0:00:07]} 51. bxa5 {[%clk 0:00:21]} Rxa5 {[%clk 0:00:08]} 52. Re7
{[%clk 0:00:13]} Ra2+ {[%clk 0:00:08]} 53. Kd3 {[%clk 0:00:14]} Rxg2
{[%clk 0:00:08]} 54. Rhh7 {[%clk 0:00:12]} Rc8 {[%clk 0:00:09]} 55. Nd2
{[%clk 0:00:09]} f3 {[%clk 0:00:08]} 56. Rhg7 {[%clk 0:00:10]} Bh5
{[%clk 0:00:08]} 57. c4 {[%clk 0:00:07]} f2 {[%clk 0:00:07]} 58. cxb5
{[%clk 0:00:06]} Rg1 {[%clk 0:00:08]} 59. Rg5 {[%clk 0:00:05]} Bd1
{[%clk 0:00:07]} 60. Rf7 {[%clk 0:00:05]} Rg2 {[%clk 0:00:03]} 61. Rgg7
{[%clk 0:00:05]} Rh2 {[%clk 0:00:03]} 62. Rxg3 {[%clk 0:00:04]} Bh5
{[%clk 0:00:03]} 63. Ke3 {[%clk 0:00:05]} Bxf7 {[%clk 0:00:03]} 64. Rg7
{[%clk 0:00:00]} Bh5 {[%clk 0:00:03]} 65. Kd4 0-1

[Event "Team Championship (women blitz)"]
[Site "Sochi"]
[Date "2017.10.05"]
[Round "2.1"]
[White "Ubiennykh, Ekaterina"]
[Black "Vasilevich, Tatjana"]
[Result "1-0"]
[LiveChessVersion "1.4.8"]
[BlackElo "2229"]
[WhiteElo "2364"]

1. d4 {[%clk 0:03:03]} Nf6 {[%clk 0:03:03]} 2. c4 {[%clk 0:03:04]} e6
{[%clk 0:03:04]} 3. Nc3 {[%clk 0:03:05]} Bb4 {[%clk 0:03:05]} 4. e3
{[%clk 0:03:06]} O-O {[%clk 0:03:02]} 5. Nge2 {[%clk 0:03:07]} d5
{[%clk 0:03:00]} 6. a3 {[%clk 0:03:07]} Be7 {[%clk 0:03:01]} 7. cxd5
{[%clk 0:03:07]} exd5 {[%clk 0:03:01]} 8. Nf4 {[%clk 0:03:07]} b6
{[%clk 0:02:55]} 9. Bd3 {[%clk 0:03:01]} Bb7 {[%clk 0:02:55]} 10. O-O
{[%clk 0:03:01]} c5 {[%clk 0:02:55]} 11. dxc5 {[%clk 0:02:44]} bxc5
{[%clk 0:02:56]} 12. Bf5 {[%clk 0:02:43]} Na6 {[%clk 0:02:48]} 13. Qf3
{[%clk 0:02:39]} Ne4 {[%clk 0:02:21]} 14. Nxe4 {[%clk 0:02:34]} dxe4
{[%clk 0:02:22]} 15. Bxe4 {[%clk 0:02:35]} Bxe4 {[%clk 0:02:07]} 16. Qxe4
{[%clk 0:02:36]} Rb8 {[%clk 0:01:49]} 17. Nd5 {[%clk 0:02:31]} Re8
{[%clk 0:01:37]} 18. Rd1 {[%clk 0:02:25]} Bd6 {[%clk 0:01:33]} 19. Qd3
{[%clk 0:02:21]} Re6 {[%clk 0:01:14]} 20. b3 {[%clk 0:02:10]} Be5
{[%clk 0:01:02]} 21. Rb1 {[%clk 0:02:06]} Rd6 {[%clk 0:00:59]} 22. e4
{[%clk 0:02:06]} Nc7 {[%clk 0:00:56]} 23. Be3 {[%clk 0:01:59]} Nxd5
{[%clk 0:00:48]} 24. exd5 {[%clk 0:02:00]} Qh4 {[%clk 0:00:42]} 25. g3
{[%clk 0:01:56]} Qh3 {[%clk 0:00:37]} 26. Qe4 {[%clk 0:01:55]} Rdd8
{[%clk 0:00:17]} 27. Qxe5 {[%clk 0:01:54]} Re8 {[%clk 0:00:15]} 28. Qf4
{[%clk 0:01:46]} Rbd8 {[%clk 0:00:14]} 29. Bxc5 {[%clk 0:01:39]} h6
{[%clk 0:00:11]} 30. Be3 {[%clk 0:01:40]} Rd7 {[%clk 0:00:11]} 31. d6
{[%clk 0:01:36]} Re6 {[%clk 0:00:10]} 32. Rbc1 {[%clk 0:01:34]} g6
{[%clk 0:00:06]} 33. Rc8+ {[%clk 0:01:31]} Kh7 {[%clk 0:00:05]} 34. Bd4
{[%clk 0:01:21]} f6 {[%clk 0:00:06]} 35. Bxf6 {[%clk 0:01:17]} g5
{[%clk 0:00:04]} 36. Qf3 {[%clk 0:00:45]} Rdxd6 {[%clk 0:00:06]} 37. Rc7+
{[%clk 0:00:41]} Kg8 {[%clk 0:00:06]} 38. Qa8+ {[%clk 0:00:38]} 1-0

[Event "Team Championship (women blitz)"]
[Site "Sochi"]
[Date "2017.10.05"]
[Round "2.2"]
[White "Charochkina, Daria"]
[Black "Bivol, Alina"]
[Result "0-1"]
[LiveChessVersion "1.4.8"]
[BlackElo "2308"]
[WhiteElo "2458"]

1. d4 Nf6 2. Bf4 {[%clk 0:03:04]} d5 {[%clk 0:03:05]} 3. e3 {[%clk 0:03:05]} c5
{[%clk 0:03:05]} 4. c3 {[%clk 0:03:05]} Nc6 {[%clk 0:03:05]} 5. Nd2
{[%clk 0:03:06]} cxd4 {[%clk 0:02:59]} 6. exd4 {[%clk 0:03:06]} Bf5
{[%clk 0:03:00]} 7. Ngf3 {[%clk 0:03:02]} e6 {[%clk 0:03:01]} 8. Be2
{[%clk 0:02:58]} Be7 {[%clk 0:03:01]} 9. O-O {[%clk 0:02:58]} h6 {[%clk 0:02:56]}
10. Re1 {[%clk 0:02:57]} O-O {[%clk 0:02:56]} 11. Bf1 {[%clk 0:02:53]} Ne4
{[%clk 0:02:48]} 12. Nxe4 {[%clk 0:02:48]} Bxe4 {[%clk 0:02:47]} 13. Nd2
{[%clk 0:02:48]} Bh7 {[%clk 0:02:41]} 14. Nb3 {[%clk 0:02:30]} Qd7
{[%clk 0:02:30]} 15. Qd2 {[%clk 0:02:29]} Rfe8 {[%clk 0:02:15]} 16. Rad1
{[%clk 0:02:28]} Bf8 {[%clk 0:02:13]} 17. h3 {[%clk 0:02:26]} Rad8
{[%clk 0:01:52]} 18. Bg3 {[%clk 0:02:16]} f6 {[%clk 0:01:20]} 19. Bd3
{[%clk 0:01:57]} Bxd3 {[%clk 0:01:16]} 20. Qxd3 {[%clk 0:01:58]} e5
{[%clk 0:01:11]} 21. dxe5 {[%clk 0:01:52]} fxe5 {[%clk 0:01:06]} 22. Bh4 Be7 23.
Bxe7 {[%clk 0:01:42]} Qxe7 {[%clk 0:01:01]} 24. Qb5 {[%clk 0:01:43]} Qf7
{[%clk 0:01:01]} 25. Nc5 {[%clk 0:01:38]} Rb8 {[%clk 0:00:42]} 26. Qd3
{[%clk 0:01:24]} Rbd8 {[%clk 0:00:40]} 27. Qb5 {[%clk 0:01:17]} Rb8
{[%clk 0:00:41]} 28. Nd3 {[%clk 0:01:10]} Rbd8 {[%clk 0:00:36]} 29. Qb3
{[%clk 0:00:41]} e4 {[%clk 0:00:30]} 30. Nc5 {[%clk 0:00:41]} Na5
{[%clk 0:00:27]} 31. Qb5 {[%clk 0:00:25]} b6 {[%clk 0:00:26]} 32. Na6
{[%clk 0:00:26]} Qd7 {[%clk 0:00:20]} 33. Qb4 {[%clk 0:00:12]} Nc4
{[%clk 0:00:11]} 34. Re2 {[%clk 0:00:11]} Qb7 {[%clk 0:00:08]} 35. Nc5
{[%clk 0:00:11]} Qe7 {[%clk 0:00:08]} 36. Nb3 {[%clk 0:00:06]} Qxb4
{[%clk 0:00:08]} 37. cxb4 {[%clk 0:00:07]} Rd7 {[%clk 0:00:07]} 38. Nd4
{[%clk 0:00:08]} Kf7 {[%clk 0:00:07]} 39. b3 {[%clk 0:00:09]} Ne5
{[%clk 0:00:08]} 40. Nb5 {[%clk 0:00:06]} Nd3 {[%clk 0:00:09]} 41. f3
{[%clk 0:00:05]} Nxb4 {[%clk 0:00:08]} 42. fxe4 {[%clk 0:00:05]} Ree7
{[%clk 0:00:08]} 43. e5 {[%clk 0:00:05]} Nc6 {[%clk 0:00:07]} 44. Rf1+
{[%clk 0:00:06]} Kg8 {[%clk 0:00:08]} 45. Rfe1 {[%clk 0:00:07]} Re6
{[%clk 0:00:09]} 46. Nc3 {[%clk 0:00:06]} d4 {[%clk 0:00:10]} 47. Nb5
{[%clk 0:00:05]} d3 {[%clk 0:00:11]} 48. Rd2 {[%clk 0:00:04]} Rxe5
{[%clk 0:00:12]} 49. Rxe5 {[%clk 0:00:04]} Nxe5 {[%clk 0:00:13]} 50. Nc3
{[%clk 0:00:04]} Rc7 {[%clk 0:00:14]} 51. Ne4 {[%clk 0:00:04]} Rc2
{[%clk 0:00:14]} 52. Kf2 {[%clk 0:00:05]} Kf7 {[%clk 0:00:14]} 53. Ke3
{[%clk 0:00:06]} Rc1 {[%clk 0:00:14]} 54. Kd4 {[%clk 0:00:07]} Nc6+
{[%clk 0:00:14]} 55. Kxd3 {[%clk 0:00:08]} Nb4+ {[%clk 0:00:15]} 56. Ke3
{[%clk 0:00:08]} Ke7 {[%clk 0:00:15]} 57. Kf2 {[%clk 0:00:09]} Nc6
{[%clk 0:00:15]} 58. Re2 {[%clk 0:00:09]} Kd7 {[%clk 0:00:15]} 59. Rd2+
{[%clk 0:00:11]} Ke7 {[%clk 0:00:16]} 60. a3 {[%clk 0:00:12]} Rb1
{[%clk 0:00:17]} 61. b4 {[%clk 0:00:13]} Ne5 {[%clk 0:00:18]} 62. Re2
{[%clk 0:00:14]} Kd7 {[%clk 0:00:17]} 63. Nc3 {[%clk 0:00:15]} Rb3
{[%clk 0:00:16]} 64. Nb5 {[%clk 0:00:13]} Nc6 {[%clk 0:00:16]} 65. Rd2+
{[%clk 0:00:13]} Ke7 {[%clk 0:00:15]} 66. Rc2 {[%clk 0:00:14]} Ne5
{[%clk 0:00:14]} 67. Rc7+ {[%clk 0:00:15]} Kf6 {[%clk 0:00:15]} 68. Rxa7
{[%clk 0:00:16]} Nd3+ {[%clk 0:00:16]} 69. Ke2 {[%clk 0:00:16]} Nf4+
{[%clk 0:00:18]} 70. Kd2 {[%clk 0:00:09]} Rb2+ {[%clk 0:00:17]} 71. Kc3
{[%clk 0:00:08]} Rxg2 {[%clk 0:00:18]} 72. Ra8 {[%clk 0:00:06]} Rg3+
{[%clk 0:00:19]} 73. Kd4 {[%clk 0:00:07]} Rxh3 {[%clk 0:00:19]} 74. Rf8+
{[%clk 0:00:08]} Kg5 {[%clk 0:00:20]} 75. Nc7 {[%clk 0:00:08]} Rxa3
{[%clk 0:00:20]} 76. Rf7 {[%clk 0:00:08]} g6 {[%clk 0:00:21]} 77. Ke4
{[%clk 0:00:09]} Rb3 {[%clk 0:00:19]} 78. b5 {[%clk 0:00:07]} Ne2
{[%clk 0:00:20]} 79. Ne6+ {[%clk 0:00:07]} Kh5 {[%clk 0:00:21]} 80. Rf2
{[%clk 0:00:08]} Nc3+ {[%clk 0:00:20]} 81. Kd4 {[%clk 0:00:09]} Nxb5+
{[%clk 0:00:20]} 82. Kc4 {[%clk 0:00:10]} Rb1 {[%clk 0:00:21]} 83. Rh2+
{[%clk 0:00:12]} Kg4 {[%clk 0:00:22]} 84. Rxh6 {[%clk 0:00:11]} Kf5
{[%clk 0:00:22]} 85. Ng7+ {[%clk 0:00:09]} Kg5 {[%clk 0:00:22]} 86. Rh2
{[%clk 0:00:10]} Nd6+ {[%clk 0:00:23]} 87. Kd5 {[%clk 0:00:11]} Nf5
{[%clk 0:00:23]} 88. Rg2+ {[%clk 0:00:12]} Kf6 {[%clk 0:00:24]} 89. Ne8+
{[%clk 0:00:11]} Ke7 {[%clk 0:00:24]} 90. Re2+ {[%clk 0:00:12]} Kf7
{[%clk 0:00:24]} 91. Nc7 {[%clk 0:00:10]} b5 {[%clk 0:00:25]} 92. Kc5
{[%clk 0:00:11]} b4 {[%clk 0:00:24]} 93. Kc4 {[%clk 0:00:07]} b3 {[%clk 0:00:16]}
94. Kc3 {[%clk 0:00:08]} Rc1+ {[%clk 0:00:15]} 95. Kxb3 {[%clk 0:00:07]} Nd4+
{[%clk 0:00:16]} 96. Kb2 {[%clk 0:00:08]} Nxe2 {[%clk 0:00:17]} 0-1

[Event "Team Championship (women blitz)"]
[Site "Sochi"]
[Date "2017.10.05"]
[Round "2.3"]
[White "Tomilova, Elena"]
[Black "Potapova, Margarita"]
[Result "1-0"]
[LiveChessVersion "1.4.8"]
[BlackElo "2031"]
[WhiteElo "2279"]

1. e4 {[%clk 0:03:03]} c5 {[%clk 0:03:03]} 2. Nc3 {[%clk 0:03:04]} d6
{[%clk 0:02:59]} 3. f4 {[%clk 0:03:04]} Nc6 {[%clk 0:02:47]} 4. Nf3
{[%clk 0:03:04]} g6 {[%clk 0:02:48]} 5. Bc4 {[%clk 0:03:05]} Bg7 {[%clk 0:02:49]}
6. O-O {[%clk 0:03:05]} e6 {[%clk 0:02:50]} 7. d3 {[%clk 0:03:04]} Nge7
{[%clk 0:02:48]} 8. Qe1 {[%clk 0:03:04]} O-O {[%clk 0:02:35]} 9. f5
{[%clk 0:03:03]} d5 {[%clk 0:02:20]} 10. Bb3 {[%clk 0:02:59]} gxf5
{[%clk 0:02:00]} 11. Qh4 {[%clk 0:02:53]} fxe4 {[%clk 0:01:29]} 12. dxe4
{[%clk 0:02:50]} d4 {[%clk 0:01:17]} 13. Ne2 {[%clk 0:02:20]} Ng6
{[%clk 0:01:18]} 14. Qh5 {[%clk 0:02:18]} b6 {[%clk 0:00:55]} 15. Bh6
{[%clk 0:02:15]} Ba6 {[%clk 0:00:37]} 16. Rae1 {[%clk 0:01:58]} Bxh6
{[%clk 0:00:27]} 17. Qxh6 {[%clk 0:01:59]} Qf6 {[%clk 0:00:28]} 18. Nfxd4
{[%clk 0:01:46]} Qg7 {[%clk 0:00:09]} 19. Qxg7+ {[%clk 0:01:44]} Kxg7
{[%clk 0:00:10]} 20. Nxc6 {[%clk 0:01:44]} c4 {[%clk 0:00:12]} 21. Nb4
{[%clk 0:01:30]} Bb5 {[%clk 0:00:08]} 22. a4 {[%clk 0:01:30]} cxb3
{[%clk 0:00:05]} 23. axb5 {[%clk 0:01:31]} bxc2 {[%clk 0:00:05]} 24. Nxc2
{[%clk 0:01:26]} a6 {[%clk 0:00:06]} 25. bxa6 {[%clk 0:01:23]} Rxa6
{[%clk 0:00:08]} 26. Nc3 {[%clk 0:01:24]} Rc8 {[%clk 0:00:07]} 27. Rd1
{[%clk 0:01:19]} b5 {[%clk 0:00:09]} 28. Rd7 {[%clk 0:01:18]} Ne5
{[%clk 0:00:09]} 29. Rb7 {[%clk 0:01:19]} Rd6 {[%clk 0:00:05]} 30. Ne1
{[%clk 0:01:10]} Nc4 {[%clk 0:00:03]} 31. Rfxf7+ {[%clk 0:01:06]} Kg6
{[%clk 0:00:04]} 32. Nf3 {[%clk 0:01:03]} Rg8 {[%clk 0:00:04]} 33. b3
{[%clk 0:00:58]} Ne3 {[%clk 0:00:05]} 34. Ne5+ {[%clk 0:00:54]} Kh6
{[%clk 0:00:05]} 35. Rxh7+ {[%clk 0:00:51]} Kg5 {[%clk 0:00:07]} 36. g3
{[%clk 0:00:46]} Rd2 {[%clk 0:00:07]} 37. Rbf7 {[%clk 0:00:42]} Rg2+
{[%clk 0:00:06]} 38. Kh1 {[%clk 0:00:43]} Rb2 {[%clk 0:00:04]} 39. h4#
{[%clk 0:00:43]} 1-0